000 00482nam a2200181Ia 4500
003 OSt
005 20260120101117.0
008 210210b1975 xxu||||| |||| 00| 0 eng d
040 _cAL
041 _aKannada
082 _a859/148
100 _aANUPAMA
_9154949
_d ಅನುಪಮಾ.
245 _aShvetambari:
_bಶ್ವೇತಾಂಬರಿ
260 _aMaisuru
_bD V K Murthy, Prakashakaru
_c1975
690 _aKannada Fiction
_9154950
906 _a020929
942 _2ddc
_cBK
999 _c145092
_d145092